000 00772nam a2200217Ia 4500
999 _c64435
_d64435
003 GCL
005 20240530110731.0
008 140319s9999 xx 000 0 ara d
040 _aGCL /
_cGCL
082 0 4 _221
_a069.09 \
_bع م
100 0 _aعبدالحليم نورالدين
245 1 0 _aمتاحف الاثار فى مصر والوطن العربى :
_bدراسة فى علم المتاحف /
_cعبدالحليم نورالدين
250 _aط.1
260 _aالقاهرة :
_bالاقصى للطباعة والتجارة ،
_c2008 .
300 _a710 ص. ؛
_c24 سم.
650 0 4 _aالاثار الاسلامية
650 0 4 _aالاثار الفرعونية
650 0 4 _aالمتحف المصرى
650 0 4 _aالمتاحف
942 _2ddc
_cBK